Datum a čas kvízu

40.5 Celkem bodů Celkový počet nahraných bodů na tomto kvízu bez doplňovacích otázek.
4. Pořadí na kvízu Konečné umístění týmu na tomto kvízu.

Zaznamenané odpovědi

# Otázka Odpověď Body Výsledky
1. Jak se jmenuje funkcionář, jem... Josef Středula 1
2. Švédské království ve čtvrtek... 32. členem 1
3. Po Taťáně Kuchařové, která tri... Krystyna Pyszková 1
4. Společnost ČEZ podepsala dohod... z Francie 1
5. V pondělí byl představen ofici... Invalidovna 0
6. Začneme prvním českým králem p... Přemysl Otakar II., 1278 1
7. Další „slavnou“ prohrou, která... stoletá válka 1
8. V bitvě u Lipan, kterou řadí m... Prokop 0
9. Bitva na Bílé hoře zpečetila o... listopad 1620 1
10. Mnichovská dohoda je typickým... appeasement 1